[Event "7th EuropCh Women"]
[Site "Kusadasi / Turkey"]
[Date "2006.04.04"]
[Round "1"]
[Board "1"]
[White "Mira, Helene"]
[Black "Klinova, Masha"]
[Result "0-1"]
[WhiteElo "2140"]
[BlackElo "2357"]
[PlyCount "57"]
[EventDate "2006.04.04"]
[EventRounds "11"]
[EventCountry "AUT"]

1.Nf3 Nf6 2.c4 g6 3.Nc3 Bg7 4.e4 d6 5.d4 O-O 6.Be2 e5 7.d5 a5 8.Bg5 h6 9.Bh4 Na6
10.Nd2 Qe8 11.a3 Bd7 12.b3 Nh7 13.f3 f5 14.Rb1 h5 15.b4 axb4 16.axb4 Bh6 17.Bf2
Qe7 18.h4 Rf7 19.Qb3 Nf6 20.Bd3 Qf8 21.Ke2 Ng4 22.Rhd1 c6 23.Nf1 Nc7 24.Bb6 cxd5
25.cxd5 fxe4 26.Bc2 exf3+ 27.gxf3 Nb5 28.Ne4 Nd4+ 29.Bxd4

[Event "7th EuropCh Women"]
[Site "Kusadasi / Turkey"]
[Date "2006.04.04"]
[Round "1"]
[Board "1"]
[White "Zozulia, Anna"]
[Black "Topel, Zehra"]
[Result "1/2-1/2"]
[WhiteElo "2355"]
[BlackElo "2139"]
[PlyCount "90"]
[EventDate "2006.04.04"]
[EventRounds "11"]
[EventCountry "AUT"]

1.e4 c5 2.Nf3 d6 3.d4 cxd4 4.Nxd4 Nf6 5.Nc3 Nc6 6.Be2 e5 7.Nf3 h6 8.O-O Be7 9.h3
O-O 10.Re1 a6 11.Bf1 b5 12.Nd5 Nxd5 13.exd5 Na5 14.c3 Bd7 15.b3 Qc7 16.Ba3 Bf6
17.Nd2 Bf5 18.Ne4 Bxe4 19.Rxe4 Nb7 20.c4 Qa5 21.cxb5 axb5 22.Bb4 Qb6 23.Qd3 Nc5
24.Bxc5 Qxc5 25.b4 Qc7 26.Qb3 Rfb8 27.Ree1 Bg5 28.Bd3 Bd2 29.Re2 Qc3 30.Rb1 Ra3
31.Qxc3 Bxc3 32.Bf5 Ra4 33.Rb3 Bd4 34.a3 Ra7 35.Rc2 g6 36.Bd3 Kf8 37.Kf1 Ke7
38.Ke2 Kd7 39.f3 Rc7 40.Rxc7+ Kxc7 41.Rb1 Kd8 42.Kd2 Ra8 43.Rb3 Rb8 44.Rb1 Ra8
45.Rb3 Rb8

[Event "7th EuropCh Women"]
[Site "Kusadasi / Turkey"]
[Date "2006.04.04"]
[Round "1"]
[Board "1"]
[White "Norinkeviciute, Rasa"]
[Black "Motoc, Alina"]
[Result "1/2-1/2"]
[WhiteElo "2106"]
[BlackElo "2342"]
[PlyCount "199"]
[EventDate "2006.04.04"]
[EventRounds "11"]
[EventCountry "AUT"]

1.e4 c5 2.c3 d5 3.exd5 Qxd5 4.d4 e6 5.Nf3 Nf6 6.Be3 cxd4 7.cxd4 Bb4+ 8.Nc3 O-O
9.Bd3 b6 10.O-O Bxc3 11.bxc3 Ba6 12.Bxa6 Nxa6 13.Qd3 Qb7 14.c4 Rac8 15.Rab1 Nb8
16.Bg5 Nbd7 17.Rfe1 Qa6 18.Rbc1 h6 19.Bf4 Rfd8 20.Qb3 Rc6 21.Rc2 Rdc8 22.Rec1
Qa5 23.Qd3 Qa4 24.Rc3 b5 25.cxb5 Rxc3 26.Rxc3 Rxc3 27.Qxc3 Qxa2 28.Qd3 Qa1+
29.Qf1 Qxf1+ 30.Kxf1 Nd5 31.Ne5 N7b6 32.Bd2 Nc7 33.Ba5 Nxb5 34.Bxb6 axb6 35.Nd7
Nxd4 36.Nxb6 Kf8 37.f3 Ke7 38.Kf2 Kd6 39.Nc4+ Kd5 40.Ne3+ Ke5 41.Nc4+ Kd5
42.Ne3+ Kc5 43.Ng4 Nc6 44.Ke3 Kd5 45.Nf2 Ne7 46.Kd3 Nf5 47.Nd1 Ke5 48.Ke2 Kd4
49.Nf2 Ne3 50.g3 e5 51.Ne4 Nc4 52.g4 Kd5 53.Nc3+ Ke6 54.Kd3 Nd6 55.Na4 Kf6 56.h4
Ke6 57.Nc5+ Kd5 58.Na4 f5 59.Nc3+ Ke6 60.Ke3 g6 61.Na4 fxg4 62.fxg4 h5 63.Nc5+
Kd5 64.Nd7 Nc4+ 65.Kf2 Ke6 66.Nc5+ Kd5 67.Nd7 hxg4 68.Nf6+ Ke6 69.Nxg4 Kf5
70.Kg3 e4 71.Nh6+ Ke5 72.Ng4+ Kf5 73.Nh6+ Ke6 74.Ng4 Ne5 75.Ne3 Nd3 76.Kg4 Ke5
77.h5 gxh5+ 78.Kxh5 Kf4 79.Nd5+ Kf3 80.Kg5 Ne5 81.Kf5 Nc4 82.Ke6 Nb6 83.Nc3 e3
84.Ke5 Na4 85.Nb5 Nc5 86.Kd5 Nb3 87.Nc3 Nc1 88.Kc4 Na2 89.Nb5 Ke2 90.Nd4+ Kd2
91.Nf3+ Kd1 92.Nd4 Nc1 93.Kb4 Nd3+ 94.Kc3 Nf4 95.Kc4 Kd2 96.Nf3+ Ke2 97.Nd4+ Kd1
98.Kc3 Kc1 99.Ne2+ Nxe2+ 100.Kd3

[Event "7th EuropCh Women"]
[Site "Kusadasi / Turkey"]
[Date "2006.04.04"]
[Round "1"]
[Board "1"]
[White "Botsari, Anna Maria"]
[Black "Isgandarova, Khayala"]
[Result "1-0"]
[WhiteElo "2341"]
[BlackElo "2104"]
[PlyCount "105"]
[EventDate "2006.04.04"]
[EventRounds "11"]
[EventCountry "AUT"]

1.d4 Nf6 2.c4 g6 3.Nc3 Bg7 4.e4 d6 5.f3 O-O 6.Be3 c5 7.d5 e6 8.Qd2 exd5 9.cxd5
Re8 10.Be2 h6 11.Bxh6 Nxe4 12.Nxe4 Qh4+ 13.g3 Qxh6 14.Qxh6 Bxh6 15.Nf6+ Kf8
16.Nxe8 Kxe8 17.f4 Bg7 18.O-O-O Nd7 19.Nf3 Nb6 20.Rhe1 Kf8 21.Ng5 Bd4 22.Bf3 Nc4
23.Re2 Bf5 24.Ne4 Re8 25.Rde1 Bxe4 26.Rxe4 Rxe4 27.Rxe4 Bxb2+ 28.Kc2 Bd4 29.Re1
b5 30.g4 a5 31.h4 Bg7 32.h5 gxh5 33.g5 Nb6 34.Rh1 b4 35.Rxh5 c4 36.f5 Be5 37.f6
Kg8 38.Be4 a4 39.Bh7+ Kf8 40.Be4 Kg8 41.Rh4 b3+ 42.Kb1 c3 43.Bh7+ Kf8 44.Rb4 c2+
45.Bxc2 bxc2+ 46.Kxc2 Nd7 47.Rxa4 Kg8 48.Ra8+ Nf8 49.a4 Bf4 50.a5 Bxg5 51.a6 Be3
52.Kd3 Bc5 53.Ke4

[Event "7th EuropCh Women"]
[Site "Kusadasi / Turkey"]
[Date "2006.04.04"]
[Round "1"]
[Board "1"]
[White "Wilson, Alexandra"]
[Black "Nill, Jessica"]
[Result "0-1"]
[WhiteElo "2099"]
[BlackElo "2339"]
[PlyCount "52"]
[EventDate "2006.04.04"]
[EventRounds "11"]
[EventCountry "AUT"]

1.e4 c5 2.Nf3 e6 3.c3 Nf6 4.e5 Nd5 5.Bc4 Nc6 6.O-O Nb6 7.Bb3 d5 8.d4 cxd4 9.cxd4
Be7 10.Nc3 O-O 11.Bc2 a6 12.Qd3 g6 13.Qe3 f5 14.Qh6 Rf7 15.Ne2 Bd7 16.Ng5 Rg7
17.h4 Rc8 18.h5 Nb4 19.hxg6 hxg6 20.Bxf5 exf5 21.e6 Be8 22.Bf4 Nd3 23.Be3 Nc4
24.Nf7 Bxf7 25.exf7+ Kxf7 26.Qh3 Bd6

[Event "7th EuropCh Women"]
[Site "Kusadasi / Turkey"]
[Date "2006.04.04"]
[Round "1"]
[Board "1"]
[White "Petrenko, Svetlana"]
[Black "Kubikova, Alena"]
[Result "1/2-1/2"]
[WhiteElo "2334"]
[BlackElo "2098"]
[PlyCount "100"]
[EventDate "2006.04.04"]
[EventRounds "11"]
[EventCountry "AUT"]

1.e4 e6 2.d4 d5 3.Nd2 dxe4 4.Nxe4 Nd7 5.Nf3 Ngf6 6.Bd3 Be7 7.O-O O-O 8.c4 b6
9.Qe2 Bb7 10.Rd1 Nxe4 11.Bxe4 Bxe4 12.Qxe4 Nf6 13.Qe2 c6 14.Bf4 Bd6 15.Ne5 Rc8
16.Rac1 Qe7 17.Bg5 h6 18.Bh4 g5 19.Bg3 c5 20.Qf3 Bxe5 21.Bxe5 Nd7 22.Qb7 Rfe8
23.Bg3 cxd4 24.Rxd4 Nc5 25.Qxe7 Rxe7 26.Bd6 Ree8 27.b4 Nb7 28.Be5 Red8 29.f3
Rxd4 30.Bxd4 Nd6 31.c5 Nb5 32.Be3 bxc5 33.Bxc5 a6 34.Kf2 f5 35.a4 Nd4 36.Re1 Nb3
37.Rxe6 Nxc5 38.bxc5 Rxc5 39.Rxa6 Kg7 40.Kg3 Rc2 41.a5 Ra2 42.Ra7+ Kg6 43.a6 Kf6
44.Ra8 Kg7 45.h3 f4+ 46.Kh2 Ra1 47.h4 gxh4 48.Kh3 h5 49.Kxh4 Kg6 50.Rg8+ Kh6

[Event "7th EuropCh Women"]
[Site "Kusadasi / Turkey"]
[Date "2006.04.04"]
[Round "1"]
[Board "1"]
[White "Bensdorp, Laura"]
[Black "Aginian, Nelly"]
[Result "0-1"]
[WhiteElo "2098"]
[BlackElo "2333"]
[PlyCount "50"]
[EventDate "2006.04.04"]
[EventRounds "11"]
[EventCountry "AUT"]

1.e4 e6 2.d4 d5 3.Nc3 Nf6 4.e5 Nfd7 5.f4 c5 6.Nf3 Nc6 7.Be3 a6 8.Qd2 b5 9.dxc5
Bxc5 10.Bxc5 Nxc5 11.Qf2 Qb6 12.Bd3 b4 13.Ne2 a5 14.O-O Ba6 15.Kh1 Na4 16.Qg3 g6
17.Rab1 Rc8 18.f5 Bxd3 19.cxd3 exf5 20.Nf4 Ne7 21.e6 fxe6 22.Rfe1 Nc5 23.Ng5 Rc6
24.Nxd5 Nxd5 25.Qe5 O-O

[Event "7th EuropCh Women"]
[Site "Kusadasi / Turkey"]
[Date "2006.04.04"]
[Round "1"]
[Board "1"]
[White "Kursova, Maria"]
[Black "Coimbra, Margarida"]
[Result "1-0"]
[WhiteElo "2333"]
[BlackElo "2070"]
[PlyCount "55"]
[EventDate "2006.04.04"]
[EventRounds "11"]
[EventCountry "AUT"]

1.d4 d5 2.Nf3 Nf6 3.c4 c6 4.Nc3 e6 5.Bg5 h6 6.Bh4 dxc4 7.e4 g5 8.Bg3 b5 9.Be2
Bb7 10.h4 g4 11.Ne5 Rg8 12.Nxg4 Nxg4 13.Bxg4 Nd7 14.Bf3 Nf6 15.O-O Qb6 16.Qd2
Be7 17.Ne2 h5 18.a4 a6 19.Rfe1 Rd8 20.a5 Qa7 21.Rad1 c5 22.d5 exd5 23.exd5 Bxd5
24.Nc3 Be6 25.Bc6+ Nd7 26.Nd5 Bxd5 27.Qxd5 Rg6 28.Bd6

[Event "7th EuropCh Women"]
[Site "Kusadasi / Turkey"]
[Date "2006.04.04"]
[Round "1"]
[Board "1"]
[White "Makka, Evanthia"]
[Black "Calotescu, Ana Cristina"]
[Result "0-1"]
[WhiteElo "2046"]
[BlackElo "2325"]
[PlyCount "167"]
[EventDate "2006.04.04"]
[EventRounds "11"]
[EventCountry "AUT"]

1.e4 c5 2.Nf3 d6 3.d4 Nf6 4.Nc3 cxd4 5.Nxd4 a6 6.f4 e5 7.Nf3 Nbd7 8.Bd3 Be7
9.O-O O-O 10.Kh1 exf4 11.Bxf4 Nc5 12.a4 Bg4 13.Qd2 Bh5 14.Nd4 Bg6 15.Nf5 Bxf5
16.exf5 d5 17.Ne2 Qd7 18.a5 Nce4 19.Bxe4 Nxe4 20.Qd3 Qxf5 21.Rad1 Qg6 22.Be3 Nf6
23.Qb3 Bd6 24.Nf4 Bxf4 25.Bxf4 Rac8 26.c3 Rc4 27.Qxb7 Qh5 28.Bd6 Re8 29.Rde1
Rce4 30.Rxe4 dxe4 31.Qxa6 e3 32.Re1 e2 33.Kg1 Qd5 34.Bg3 Qd2 35.Qb5 Qe3+ 36.Bf2
Qe4 37.h3 Nd5 38.Qc6 Re6 39.Qa8+ Re8 40.Qc6 Re6 41.Qc8+ Re8 42.Qg4 Nf4 43.Qf3
Qxf3 44.gxf3 Nxh3+ 45.Kg2 Nf4+ 46.Kg3 Nd3 47.Ra1 h5 48.Be1 Nxb2 49.a6 Nd3 50.Kh4
g6 51.a7 Ra8 52.c4 Nxe1 53.Rxe1 Rxa7 54.Rxe2 Rc7 55.Rc2 Rc5 56.Kg3 Kf8 57.Kf4
Ke7 58.Ke4 Kd6 59.f4 Kc6 60.Rc1 Rf5 61.Ra1 Kc5 62.Rc1 Rf6 63.Rc2 Re6+ 64.Kd3
Rd6+ 65.Ke3 Rd4 66.Ra2 Rd7 67.Rc2 Ra7 68.Ke4 Re7+ 69.Kd3 Ra7 70.Ke4 Re7+ 71.Kd3
Ra7 72.Ke4 Ra4 73.Ke5 Ra6 74.Ke4 Ra4 75.Ke5 Ra6 76.Ke4 f6 77.Rg2 f5+ 78.Ke3 Kxc4
79.Rd2 Kc3 80.Rd8 Ra1 81.Kf3 Rg1 82.Rd7 h4 83.Rd8 h3 84.Rh8

[Event "7th EuropCh Women"]
[Site "Kusadasi / Turkey"]
[Date "2006.04.04"]
[Round "1"]
[Board "1"]
[White "Bulmaga, Irina"]
[Black "Chelushkina, Irina"]
[Result "0-1"]
[WhiteElo "2002"]
[BlackElo "2320"]
[PlyCount "92"]
[EventDate "2006.04.04"]
[EventRounds "11"]
[EventCountry "AUT"]

1.e4 c5 2.Nf3 Nc6 3.Bb5 g6 4.Bxc6 dxc6 5.d3 Bg7 6.h3 b6 7.a3 a5 8.O-O e5 9.Be3
Ne7 10.Nbd2 a4 11.Rb1 O-O 12.Nh2 Be6 13.Qe2 h6 14.Ng4 g5 15.f3 Ng6 16.Kh2 Ra7
17.Rfe1 Rd7 18.Nf1 Nf4 19.Bxf4 exf4 20.Nf2 Re8 21.Red1 b5 22.c3 Qb8 23.Kh1 Red8
24.Nd2 Rb7 25.Rdc1 b4 26.Qd1 Qa7 27.Qe1 Ba2 28.Ra1 bxc3 29.bxc3 Be6 30.Rab1 Rxb1
31.Nxb1 Qb8 32.Qd1 Qb5 33.Qe2 Qb3 34.Kh2 Rb8 35.Nd1 Qb6 36.Kh1 Qc7 37.Qf2 Qd7
38.Qe2 Rb3 39.Kh2 Qb7 40.Qc2 h5 41.c4 g4 42.hxg4 hxg4 43.Nbc3 Qe7 44.fxg4 Qh4+
45.Kg1 Bd4+ 46.Nf2 Rxc3

[Event "7th EuropCh Women"]
[Site "Kusadasi / Turkey"]
[Date "2006.04.04"]
[Round "1"]
[Board "1"]
[White "Steil Antoni, Fiona"]
[Black "Kadimova, Ilaha"]
[Result "1/2-1/2"]
[WhiteElo "1968"]
[BlackElo "2310"]
[PlyCount "76"]
[EventDate "2006.04.04"]
[EventRounds "11"]
[EventCountry "AUT"]

1.e4 c6 2.d4 d5 3.Nc3 dxe4 4.Nxe4 Nd7 5.Nf3 Ngf6 6.Nxf6+ Nxf6 7.h3 Bf5 8.Bd3
Bxd3 9.Qxd3 e6 10.O-O Bd6 11.c4 O-O 12.Bg5 h6 13.Bh4 Be7 14.Rad1 Qa5 15.Ne5 Rfd8
16.Qb3 Qb6 17.Rd3 Kf8 18.Rfd1 Qxb3 19.Rxb3 c5 20.Rxb7 Rxd4 21.Rxd4 cxd4 22.Nc6
Bc5 23.b4 Rc8 24.Ne5 Bd6 25.Nxf7 Bxb4 26.Ne5 Bd6 27.Ng6+ Kg8 28.Bg3 Kh7 29.Bxd6
Kxg6 30.c5 d3 31.f3 d2 32.Rb1 Ne8 33.Bf4 Rxc5 34.Bxd2 Rc2 35.Be3 Rxa2 36.Rb7 a5
37.Re7 Nf6 38.Bd4 a4

[Event "7th EuropCh Women"]
[Site "Kusadasi / Turkey"]
[Date "2006.04.05"]
[Round "2"]
[Board "1"]
[White "Dzagnidze, Nana"]
[Black "Atalik, Ekaterina"]
[Result "1/2-1/2"]
[WhiteElo "2442"]
[BlackElo "2379"]
[PlyCount "81"]
[EventDate "2006.04.04"]
[EventRounds "11"]
[EventCountry "AUT"]

1.d4 d5 2.c4 c6 3.Nf3 Nf6 4.Nc3 dxc4 5.a4 Bf5 6.Ne5 Nbd7 7.Nxc4 Qc7 8.Qd2 e6
9.Qf4 Qxf4 10.Bxf4 Nb6 11.Nd6+ Bxd6 12.Bxd6 Nc4 13.Bf4 Nd5 14.e4 Nxf4 15.Bxc4
Nxg2+ 16.Ke2 Bg4+ 17.f3 Bh5 18.h4 Rd8 19.Rad1 h6 20.Rh2 Nf4+ 21.Ke3 Ng6 22.Ne2
e5 23.d5 Ne7 24.Ng3 Bg6 25.h5 Bh7 26.Rhd2 cxd5 27.Bb5+ Kf8 28.exd5 a6 29.Bf1 f5
30.f4 g5 31.hxg6 exf4+ 32.Kxf4 Nxg6+ 33.Kxf5 Ke7 34.d6+ Kd7 35.Bh3 Rde8 36.Kf6+
Kc6 37.d7 Ref8+ 38.Kg7 Rfg8+ 39.Kf6 Rf8+ 40.Kg7 Rfg8+ 41.Kf6

[Event "7th EuropCh Women"]
[Site "Kusadasi / Turkey"]
[Date "2006.04.05"]
[Round "2"]
[Board "1"]
[White "Paehtz, Elisabeth"]
[Black "Zielinska, Marta"]
[Result "1/2-1/2"]
[WhiteElo "2438"]
[BlackElo "2366"]
[PlyCount "24"]
[EventDate "2006.04.04"]
[EventRounds "11"]
[EventCountry "AUT"]

1.e4 e6 2.d4 d5 3.Nc3 Bb4 4.e5 c5 5.Bd2 Ne7 6.dxc5 O-O 7.Qg4 Nbc6 8.O-O-O Ng6
9.f4 f5 10.Qg3 Bd7 11.h4 Nge7 12.Nb5 Bxc5

[Event "7th EuropCh Women"]
[Site "Kusadasi / Turkey"]
[Date "2006.04.05"]
[Round "2"]
[Board "1"]
[White "Gaponenko, Inna"]
[Black "Turova, Irina"]
[Result "1/2-1/2"]
[WhiteElo "2430"]
[BlackElo "2362"]
[PlyCount "36"]
[EventDate "2006.04.04"]
[EventRounds "11"]
[EventCountry "AUT"]

1.e4 e5 2.Nf3 Nc6 3.Bb5 Nf6 4.O-O Nxe4 5.d4 Be7 6.Qe2 Nd6 7.Bxc6 bxc6 8.dxe5 Nb7
9.Nd4 O-O 10.Rd1 Bc5 11.Nc3 Re8 12.Bf4 Bxd4 13.Rxd4 d5 14.Qh5 Qd7 15.Bg3 Qf5
16.Qxf5 Bxf5 17.Rd2 Nc5 18.f3 Rab8

[Event "7th EuropCh Women"]
[Site "Kusadasi / Turkey"]
[Date "2006.04.05"]
[Round "2"]
[Board "1"]
[White "Dworakowska, Joanna"]
[Black "Khurtsidze, Nino"]
[Result "1-0"]
[WhiteElo "2364"]
[BlackElo "2426"]
[PlyCount "73"]
[EventDate "2006.04.04"]
[EventRounds "11"]
[EventCountry "AUT"]

1.e4 c6 2.d4 d5 3.Nc3 dxe4 4.Nxe4 Bf5 5.Ng3 Bg6 6.h4 h6 7.Nf3 Nd7 8.h5 Bh7 9.Bd3
Bxd3 10.Qxd3 e6 11.Bf4 Ngf6 12.O-O-O Qa5 13.Kb1 Be7 14.Ne5 O-O 15.Qe2 Rfe8
16.Rd3 Nxe5 17.dxe5 Nd5 18.Bd2 Qc7 19.f4 Nb4 20.Rb3 a5 21.Ne4 Red8 22.Rg3 Bf8
23.Nf6+ Kh8 24.Ng4 Be7 25.a3 Na6 26.Rf1 Nc5 27.Bc1 Qd7 28.Nf2 Bh4 29.Re3 b5
30.Nh3 b4 31.g4 f6 32.f5 Re8 33.Rd1 Qe7 34.Nf4 Kh7 35.Ng6 Qc7 36.Nxh4 exf5
37.exf6

[Event "7th EuropCh Women"]
[Site "Kusadasi / Turkey"]
[Date "2006.04.05"]
[Round "2"]
[Board "1"]
[White "Klinova, Masha"]
[Black "Arakhamia Grant, Ketevan"]
[Result "1-0"]
[WhiteElo "2357"]
[BlackElo "2423"]
[PlyCount "130"]
[EventDate "2006.04.04"]
[EventRounds "11"]
[EventCountry "AUT"]

1.e4 c5 2.Nf3 Nc6 3.Bb5 g6 4.Bxc6 dxc6 5.d3 Bg7 6.Nc3 e5 7.Be3 b6 8.h3 Ne7 9.Qd2
O-O 10.O-O-O a5 11.g4 a4 12.Rdg1 Qd6 13.h4 b5 14.h5 b4 15.Ne2 b3 16.a3 bxc2
17.Qxc2 Ba6 18.Bxc5 Qxd3 19.Qxd3 Bxd3 20.Nc3 Rfe8 21.h6 Bf8 22.Nxe5 Red8 23.g5
Bb5 24.Rd1 Nd5 25.Nxd5 cxd5 26.Bxf8 Rac8+ 27.Kb1 Kxf8 28.Rxd5 Rxd5 29.exd5 Ke7
30.Re1 Kd6 31.Nxf7+ Kxd5 32.Re5+ Kc6 33.Rxb5 Rf8 34.Rb4 Rxf7 35.f4 Ra7 36.Kc2
Ra5 37.Kc3 Kc7 38.Re4 Kd6 39.Kb4 Ra7 40.Rd4+ Kc6 41.Kc3 Kc5 42.Kd3 Kc6 43.Ke4
Ra5 44.Rd8 Rb5 45.Ra8 Rxb2 46.Rxa4 Re2+ 47.Kf3 Re7 48.Kg4 Rf7 49.Ra8 Kd5 50.a4
Kd4 51.a5 Ke3 52.Re8+ Kf2 53.a6 Rc7 54.Rb8 Ke3 55.Rb3+ Kf2 56.Rb2+ Ke3 57.Ra2
Ra7 58.Ra4 Kd3 59.Kf3 Kc3 60.Ke4 Kb3 61.Ra1 Kc4 62.Ke5 Kc5 63.Ke6 Kc6 64.f5 gxf5
65.Kxf5 Kd5

[Event "7th EuropCh Women"]
[Site "Kusadasi / Turkey"]
[Date "2006.04.05"]
[Round "2"]
[Board "1"]
[White "Muzychuk, Anna"]
[Black "Juergens, Vera"]
[Result "1-0"]
[WhiteElo "2419"]
[BlackElo "2330"]
[PlyCount "79"]
[EventDate "2006.04.04"]
[EventRounds "11"]
[EventCountry "AUT"]

1.e4 c5 2.Nf3 Nc6 3.Bb5 Nf6 4.Nc3 Qc7 5.O-O Nd4 6.Nxd4 cxd4 7.Nd5 Nxd5 8.exd5
Qc5 9.c4 a6 10.Ba4 b5 11.cxb5 axb5 12.Bb3 g6 13.d3 Bg7 14.Bf4 O-O 15.Rc1 Qb6
16.Re1 e6 17.Bc7 Qa6 18.Rc5 Bb7 19.Qd2 d6 20.Rcc1 Bxd5 21.Bxd5 exd5 22.a3 Rfc8
23.g3 Bf8 24.Rc2 Qa4 25.Rec1 Ra6 26.Kg2 Re8 27.h3 h6 28.Qb4 h5 29.Qd2 Qb3 30.g4
Kh7 31.Qf4 Re7 32.Bxd6 Rxd6 33.Qxd6 Qxd3 34.Qd8 hxg4 35.hxg4 Re4 36.Qh4+ Kg7
37.Rh1 Rxg4+ 38.Qxg4 Qxc2 39.Qxd4+ f6 40.Qa7+

[Event "7th EuropCh Women"]
[Site "Kusadasi / Turkey"]
[Date "2006.04.05"]
[Round "2"]
[Board "1"]
[White "Peptan, Corina"]
[Black "Hryhorenko, Nataliya"]
[Result "1-0"]
[WhiteElo "2408"]
[BlackElo "2323"]
[PlyCount "105"]
[EventDate "2006.04.04"]
[EventRounds "11"]
[EventCountry "AUT"]

1.e4 e6 2.d4 d5 3.Nd2 c5 4.exd5 exd5 5.Ngf3 Nf6 6.Be2 Nc6 7.O-O c4 8.Re1 Be7
9.b3 cxb3 10.axb3 O-O 11.Bb2 Bf5 12.Nf1 Ne4 13.Bb5 Bb4 14.Re3 Ne7 15.Ng3 Rc8
16.Bd3 Nxg3 17.hxg3 Bxd3 18.Qxd3 a6 19.c4 Qd7 20.Ne5 Qf5 21.Qe2 Rc7 22.g4 Qf6
23.g3 Bd6 24.c5 Bxe5 25.Rxe5 Nc6 26.Rxd5 Re7 27.Qd1 Rfe8 28.Rd6 Re6 29.d5 Qxb2
30.dxe6 fxe6 31.Rb1 Qe5 32.Rc1 h6 33.Qd2 Qe4 34.Rc4 Qb1+ 35.Qd1 Qb2 36.Rd2 Qf6
37.Qe2 e5 38.Re4 Rf8 39.Rd6 Qg5 40.Qe3 Qe7 41.Qd2 Kh8 42.Qd5 Qg5 43.Kg2 Qc1
44.Qc4 Qb1 45.Qd3 Qc1 46.Rc4 Qb2 47.Qc2 Qa1 48.Rd1 Qa5 49.g5 Nd4 50.Rdxd4 exd4
51.gxh6 Qc7 52.hxg7+ Qxg7 53.Qe4

[Event "7th EuropCh Women"]
[Site "Kusadasi / Turkey"]
[Date "2006.04.05"]
[Round "2"]
[Board "1"]
[White "Calotescu, Ana Cristina"]
[Black "Lomineishvili, Maia"]
[Result "1/2-1/2"]
[WhiteElo "2325"]
[BlackElo "2399"]
[PlyCount "82"]
[EventDate "2006.04.04"]
[EventRounds "11"]
[EventCountry "AUT"]

1.Nf3 Nf6 2.c4 e6 3.g3 a6 4.Bg2 b5 5.d3 c5 6.e4 d6 7.Nc3 b4 8.Ne2 Bb7 9.O-O Be7
10.Nd2 O-O 11.f4 Ng4 12.Nf3 f5 13.h3 Nh6 14.Ng5 Qc8 15.Be3 e5 16.Qd2 Nd7 17.Rf2
exf4 18.Bxf4 Ne5 19.Raf1 Bf6 20.exf5 Bxg2 21.Kxg2 Nxf5 22.Ne4 Be7 23.Bg5 Qd7
24.g4 Bxg5 25.Nxg5 Qc6+ 26.Kh2 Nh4 27.Qe3 h6 28.Ne4 Rfe8 29.N2g3 d5 30.cxd5 Qxd5
31.Qxc5 Qxd3 32.Qxb4 Nef3+ 33.Kh1 Rab8 34.Qc3 Qxc3 35.Nxc3 Ng5 36.Kh2 Re3 37.Nd5
Rd3 38.Nf4 Re3 39.Nd5 Rd3 40.Nf4 Re3 41.Nd5 Rd3

[Event "7th EuropCh Women"]
[Site "Kusadasi / Turkey"]
[Date "2006.04.05"]
[Round "2"]
[Board "1"]
[White "Majdan, Joanna"]
[Black "Melia, Salome"]
[Result "0-1"]
[WhiteElo "2297"]
[BlackElo "2393"]
[PlyCount "112"]
[EventDate "2006.04.04"]
[EventRounds "11"]
[EventCountry "AUT"]

1.e4 c6 2.d4 d5 3.Nc3 dxe4 4.Nxe4 Bf5 5.Ng3 Bg6 6.h4 h6 7.Nf3 Nd7 8.h5 Bh7 9.Bd3
Bxd3 10.Qxd3 e6 11.Bd2 Ngf6 12.O-O-O Be7 13.Qe2 O-O 14.Kb1 Qb6 15.c4 Rfd8 16.Ne5
c5 17.Nxd7 Rxd7 18.dxc5 Bxc5 19.Bc3 Bd4 20.Bxd4 Rxd4 21.Rxd4 Qxd4 22.Rd1 Qf4
23.Rd3 Rc8 24.Rf3 Qg4 25.Rb3 Qxe2 26.Nxe2 Rc7 27.Ng3 Ng4 28.Ne4 f5 29.Nd6 b6
30.f3 Nf6 31.Re3 Nxh5 32.Rxe6 Kh7 33.Re5 g6 34.Nb5 Rxc4 35.Re7+ Kg8 36.Nxa7 Nf4
37.g3 Nd3 38.Re8+ Kf7 39.Rc8 Rxc8 40.Nxc8 g5 41.Nxb6 h5 42.Nc4 h4 43.gxh4 gxh4
44.Nd2 h3 45.Nf1 Ke6 46.Nh2 Ke5 47.Kc2 Nb4+ 48.Kb3 Nc6 49.Kc3 Kf4 50.b4 Kg3
51.b5 Nb8 52.Nf1+ Kf2 53.Nh2 Kg2 54.a4 Kxh2 55.a5 Kg3 56.a6 Nxa6

[Event "7th EuropCh Women"]
[Site "Kusadasi / Turkey"]
[Date "2006.04.05"]
[Round "2"]
[Board "1"]
[White "Zawadzka, Jolanta"]
[Black "Andersson, Christin"]
[Result "1/2-1/2"]
[WhiteElo "2389"]
[BlackElo "2170"]
[PlyCount "121"]
[EventDate "2006.04.04"]
[EventRounds "11"]
[EventCountry "AUT"]

1.e4 e6 2.d4 d5 3.Nc3 Nf6 4.e5 Nfd7 5.f4 c5 6.Nf3 cxd4 7.Nxd4 Nc6 8.Be3 Bb4 9.a3
Bxc3+ 10.bxc3 Qa5 11.Qd2 Nc5 12.Nb3 Nxb3 13.cxb3 O-O 14.Bd3 f6 15.O-O d4 16.cxd4
Qxd2 17.Bxd2 Nxd4 18.Bb4 Re8 19.Rad1 Nc6 20.Bd6 Bd7 21.b4 Rac8 22.exf6 gxf6
23.Be2 Ne7 24.Bg4 f5 25.Bh5 Ng6 26.Be2 Bc6 27.g3 Red8 28.Bc4 Kf7 29.Rfe1 Be4
30.Bf1 b6 31.b5 h5 32.Bb4 h4 33.Rxd8 Rxd8 34.Rc1 Rd7 35.Kf2 hxg3+ 36.Kxg3 Ne7
37.a4 Nd5 38.Bd2 Nf6 39.Be3 Nd5 40.Kf2 Nxe3 41.Kxe3 Kf6 42.Rc8 Bd5 43.h4 Bb3
44.Rh8 Kg7 45.Re8 Kf7 46.Rh8 Kg7 47.Re8 Kf6 48.h5 Bxa4 49.Bc4 Re7 50.Rxe7 Kxe7
51.Kd4 Kf6 52.h6 Kg6 53.Ke5 Kxh6 54.Kxe6 Bc2 55.Kd6 Kh5 56.Kc7 Kg4 57.Kb7 Kxf4
58.Kxa7 Ke3 59.Kxb6 Ba4 60.Kc5 Bxb5 61.Kxb5

[Event "7th EuropCh Women"]
[Site "Kusadasi / Turkey"]
[Date "2006.04.05"]
[Round "2"]
[Board "1"]
[White "Muzychuk, Mariya"]
[Black "Mkrtchian, Lilit"]
[Result "1-0"]
[WhiteElo "2172"]
[BlackElo "2453"]
[PlyCount "113"]
[EventDate "2006.04.04"]
[EventRounds "11"]
[EventCountry "AUT"]

1.e4 e5 2.Nf3 Nc6 3.Bc4 Bc5 4.d4 exd4 5.c3 Nf6 6.e5 d5 7.Bb5 Ne4 8.cxd4 Bb6
9.Nc3 O-O 10.h3 Ba5 11.Bd2 Nxd2 12.Qxd2 f6 13.O-O fxe5 14.Bxc6 bxc6 15.Nxe5 Qd6
16.Qc2 Bb6 17.Qa4 c5 18.Nb5 Qf6 19.dxc5 Bxc5 20.Nd3 Bb6 21.Nc3 c6 22.Rad1 Bf5
23.Qc2 Qg6 24.Kh1 Bxh3 25.f3 Bf5 26.g4 Bxd3 27.Rxd3 Rae8 28.Rd2 Qxc2 29.Rxc2 Rf4
30.Kg2 Re6 31.Kg3 Rf8 32.Kg2 Rfe8 33.Rb1 Be3 34.Rd1 Kf7 35.b4 d4 36.Ne4 Rb8
37.Nc5 Re7 38.Nd3 Rb6 39.f4 Kf6 40.Rc5 g6 41.a4 Re6 42.Ra5 a6 43.Nc5 Rxb4
44.Nxe6 Kxe6 45.Rxa6 Kd5 46.Ra8 Ke4 47.Rf1 d3 48.Re8+ Kd4 49.f5 gxf5 50.gxf5 d2
51.f6 Bh6 52.f7 Kc3 53.Re6 Bf8 54.Rxc6+ Kb2 55.Rc8 Rf4 56.Rd8 Kc2 57.Rxf4

[Event "7th EuropCh Women"]
[Site "Kusadasi / Turkey"]
[Date "2006.04.05"]
[Round "2"]
[Board "1"]
[White "Burtasova, Anna"]
[Black "Pogonina, Natalija"]
[Result "0-1"]
[WhiteElo "2293"]
[BlackElo "2440"]
[PlyCount "118"]
[EventDate "2006.04.04"]
[EventRounds "11"]
[EventCountry "AUT"]

1.e4 c5 2.c3 g6 3.d4 cxd4 4.cxd4 d5 5.exd5 Nf6 6.Nc3 Nxd5 7.Qb3 Nb6 8.Bb5+ Bd7
9.Nf3 Bg7 10.Ne5 O-O 11.Nxd7 N8xd7 12.O-O Nf6 13.Rd1 Nfd5 14.Bg5 a6 15.Be2 Qd7
16.a4 a5 17.Bf3 e6 18.Ne4 h6 19.Bh4 Rfc8 20.Bg3 Rc6 21.Be5 f6 22.Bxf6 Bxf6
23.Nxf6+ Nxf6 24.Bxc6 Qxc6 25.Qg3 Kf7 26.Rac1 Qxa4 27.Rc7+ Nbd7 28.b3 Qb5 29.Re1
Qd5 30.Qe3 h5 31.h3 b5 32.Qf4 a4 33.bxa4 Rxa4 34.Rd1 Ra2 35.Rd3 g5 36.Qe5 Ke7
37.Qe1 Qd6 38.Rb7 Rb2 39.Qc1 Rb4 40.d5 exd5 41.Rd1 g4 42.hxg4 hxg4 43.Qg5 Kf7
44.g3 Qc6 45.Ra7 Rc4 46.Rda1 d4 47.R7a6 Qc5 48.Qh6 d3 49.Rd1 Rc2 50.Qf4 Qc4
51.Qe3 Re2 52.Qxd3 Re1+ 53.Kg2 Rxd1 54.Qxd1 Qe4+ 55.f3 Qb7 56.Qb3+ Kg7 57.Rd6
Ne5 58.Qc3 gxf3+ 59.Kf1 Qe4

[Event "7th EuropCh Women"]
[Site "Kusadasi / Turkey"]
[Date "2006.04.05"]
[Round "2"]
[Board "1"]
[White "Vasilevich, Tatjana"]
[Black "Benderac, Ana"]
[Result "1-0"]
[WhiteElo "2395"]
[BlackElo "2293"]
[PlyCount "45"]
[EventDate "2006.04.04"]
[EventRounds "11"]
[EventCountry "AUT"]

1.d4 d5 2.c4 c6 3.Nf3 Nf6 4.Nc3 e6 5.Bg5 h6 6.Bh4 dxc4 7.e4 g5 8.Bg3 b5 9.Be2
Bb7 10.h4 Bb4 11.Qc2 g4 12.Ne5 Qxd4 13.Rd1 Qxe4 14.Qd2 Bxc3 15.bxc3 Nd5 16.O-O
h5 17.Rde1 Qh7 18.Bd1 Na6 19.f3 f6 20.Nxc6 Qd3 21.Rxe6+ Kf7 22.Rxf6+ Nxf6
23.Ne5+

[Event "7th EuropCh Women"]
[Site "Kusadasi / Turkey"]
[Date "2006.04.05"]
[Round "2"]
[Board "1"]
[White "Makka, Ioulia"]
[Black "Zozulia, Anna"]
[Result "0-1"]
[WhiteElo "2198"]
[BlackElo "2355"]
[PlyCount "70"]
[EventDate "2006.04.04"]
[EventRounds "11"]
[EventCountry "AUT"]

1.e4 d6 2.d4 Nf6 3.Nc3 g6 4.Be3 c6 5.Qd2 b5 6.Bd3 Bg7 7.h3 Qc7 8.Nf3 e5 9.dxe5
dxe5 10.Ne2 O-O 11.O-O Bb7 12.Ng3 Re8 13.a4 a6 14.c4 Rd8 15.Qc2 b4 16.c5 a5
17.Bc4 Ba6 18.Nd2 Nbd7 19.Rfd1 Bf8 20.Nb3 Bxc4 21.Qxc4 Be7 22.Nf1 Nf8 23.Rxd8
Qxd8 24.Nfd2 Ne6 25.Qc2 Nd7 26.Nc4 Nexc5 27.Nxc5 Bxc5 28.Bxc5 Nxc5 29.Nxe5 Qd6
30.Nf3 Ne6 31.Rd1 Qc5 32.Qb3 Rd8 33.Re1 Nf4 34.Rf1 Rd3 35.Qa2 Rxf3